Normal view
MARC view
- Children's literature, English
Entry Topical Term
001 - CONTROL NUMBER
- control field: 11982
003 - CONTROL NUMBER IDENTIFIER
- control field: NUST
005 - DATE AND TIME OF LATEST TRANSACTION
- control field: 20180724072103.0
008 - FIXED-LENGTH DATA ELEMENTS
- fixed length control field: 180724|| aca||aabn | a|a d
040 ## - CATALOGING SOURCE
- Original cataloging agency: NUST
- Transcribing agency: NUST
150 ## - HEADING--TOPICAL TERM
- Topical term or geographic name entry element: Children's literature, English
670 ## - SOURCE DATA FOUND
- Source citation: Work cat.: (NUST)174404: Carroll, Lewis, 1832-1898 11981, Alice's adventures in Wonderland, 2008.
